KOHA-Header-6

Entrepreneuring Pakistan (Record no. 1791)

000 -LEADER
fixed length control field 00299nam a2200121Ia 4500
008 - FIXED-LENGTH DATA ELEMENTS--GENERAL INFORMATION
fixed length control field 190723s9999 xx 000 0 und d
020 ## - INTERNATIONAL STANDARD BOOK NUMBER
International Standard Book Number 978-969-23199-0-4
100 ## - MAIN ENTRY--PERSONAL NAME
Personal name Azher Rizvi
245 #0 - TITLE STATEMENT
Title Entrepreneuring Pakistan
260 ## - PUBLICATION, DISTRIBUTION, ETC. (IMPRINT)
Place of publication, distribution, etc Khy-e-Badban
Name of publisher, distributor, etc Azher rizvi
Date of publication, distribution, etc 2017
300 ## - PHYSICAL DESCRIPTION
Extent 352.:p
942 ## - ADDED ENTRY ELEMENTS (KOHA)
Koha item type Books
Holdings
Withdrawn status Lost status Damaged status Not for loan Collection code Permanent Location Current Location Shelving location Date acquired Full call number Barcode Date last seen Price effective from Koha item type
        Management MAJU MAJU   2019-07-23 658.421 8414 2019-07-23 2019-07-23 Management

Powered by Koha